Identification of joint management structures for shared aquifers: a cooperative Palestinian-Israeli effort (Record no. 46119)

MARC details
000 -LEADER
fixed length control field 00889nam a2200229 a 4500
008 - FIXED-LENGTH DATA ELEMENTS--GENERAL INFORMATION
fixed length control field 081029s1998 ||||||||||||||||| || u
020 ## - INTERNATIONAL STANDARD BOOK NUMBER
International Standard Book Number 0821343076
050 ## - LIBRARY OF CONGRESS CALL NUMBER
Classification number IBRD(08)TP
100 ## - MAIN ENTRY--PERSONAL NAME
Personal name Feitelson, Eran
245 10 - TITLE STATEMENT
Title Identification of joint management structures for shared aquifers: a cooperative Palestinian-Israeli effort
260 ## - PUBLICATION, DISTRIBUTION, ETC.
Place of publication, distribution, etc. Washington, D.C.
Name of publisher, distributor, etc. World Bank
Date of publication, distribution, etc. 1998
300 ## - PHYSICAL DESCRIPTION
Extent vi, 28p.:ill.
350 ## - PRICE (NR) (BK AM CF MU VM SE) [OBSOLETE]
Price 0.00
490 ## - SERIES STATEMENT
Series statement World Bank Technical Papers
650 ## - SUBJECT ADDED ENTRY--TOPICAL TERM
Topical term or geographic name entry element WATER RESOURCES DEVELOPMENT--PALESTINE--MANAGEMENT
650 ## - SUBJECT ADDED ENTRY--TOPICAL TERM
Topical term or geographic name entry element WATER RESOURCES DEVELOPMENT--ISRAEL--MANAGEMENT
650 ## - SUBJECT ADDED ENTRY--TOPICAL TERM
Topical term or geographic name entry element AQUIFERS--ISRAEL
650 ## - SUBJECT ADDED ENTRY--TOPICAL TERM
Topical term or geographic name entry element AQUIFERS--PALESTINE
700 ## - ADDED ENTRY--PERSONAL NAME
Personal name Haddad, Marwan
710 ## - ADDED ENTRY--CORPORATE NAME
Corporate name or jurisdiction name as entry element World Bank
995 ## - RECOMMENDATION 995 [LOCAL, UNIMARC FRANCE]
-- 0.00
-- CBU-MAIN LIBRARY (Kitwe)
-- 1
-- 0.00
-- 415
-- AVAILABLE
-- Oct 29, 2008
-- International Publications
Holdings
Withdrawn status Lost status Source of classification or shelving scheme Damaged status Not for loan Home library Current library Shelving location Date acquired Total Checkouts Full call number Barcode Date last seen Price effective from Koha item type
          CBU-MAIN LIBRARY, KITWE. CBU-MAIN LIBRARY, KITWE.   11/30/2022   IBRD(08)TP 027081 11/30/2022 11/30/2022 MONOGRAPH